Movies Quiz

Random Movies or Cast Quiz

Yoda Does Hollywood Quiz Stats

 Plays Quiz Updated Dec 13, 2012

Also try: Hollywood Hair
Challenge
Share
Tweet
Embed
Score 0/20 Timer 05:00
0 Plays Today
Famous Line Movie % Correct
'Get you, I will, my pretty, and your little dog too! Yeesssssss.'The Wizard of Oz
89.2%
'Like a box of chocolates, mother always said life was. Going to get, you never know what you are.'Forrest Gump
88.5%
'Back will I be.'The Terminator
87.1%
'Houston, problem we have.'Apollo 13
85.6%
'My dear frankly, I give not a damn. Hmmmmmm.'Gone With the Wind
81%
'To test me a census taker once tried. With some fava beans and a nice chianti I ate his liver.'The Silence of the Lambs
71.5%
'In the corner, Baby, no one will put.'Dirty Dancing
69.2%
'Going to need a bigger boat, you are. Herh, herh, herh.'Jaws
68.9%
'Mrs. Robinson, trying to seduce me, you are... You are not, hmm?'The Graduate
67.5%
'Looking at you, here is, kid.'Casablanca
61.5%
Famous Line Movie % Correct
'Got to ask yourself one question, you have: 'Feel lucky do ' I, hmm?' well, do you, hmm? Yes, hmmm.'Dirty Harry
60.8%
'Handle the truth you cannot!'A Few Good Men
59.4%
'Of napalm in the morning I love the smell! Hmmmmmm.'Apocalypse Now
58.6%
'His mother, a boy's best friend is.'Psycho
42.7%
'Cinderella story. Nowhere from. Former greenskeeper, now, to become the Masters champion about.'Caddyshack
37.2%
'All right, Mr. Demille, ready for my close-up, I am.'Sunset Boulevard
28.7%
'As mad as hell, am I, and going to take this anymore I am not!'Network
27%
'Always depended on the kindness of strangers, I have. Yes, hmmm.'A Streetcar Named Desire
23.1%
'Badges, hmm? We need not no badges! I have not to show you any stinking badges!'The Treasure of the Sierra Madre
21.3%
'Your seatbelts fasten. Going to be a bumpy night, it is. Herh herh herh.'All About Eve
12.1%

You're not logged in!

Compare scores with friends on all Sporcle quizzes.
Join for Free
OR
Log In

You Might Also Like...

Show Comments

Extras

Top Quizzes Today


Score Distribution

Your Account Isn't Verified!

In order to create a playlist on Sporcle, you need to verify the email address you used during registration. Go to your Sporcle Settings to finish the process.

Report this User

Report this user for behavior that violates our Community Guidelines.

Details: